|
|
|
|
| LEADER |
00000cam a2200000 a 4500 |
| 001 |
vtls001110982 |
| 003 |
SK-MaSNL |
| 005 |
20260301193926.0 |
| 008 |
240315s1977 xo da e np 00000 slo |
| 015 |
|
|
|a SNBA1978
|
| 035 |
|
|
|a SNK000053825
|
| 040 |
|
|
|a SNK
|b slo
|c SNK
|e AACR2
|
| 041 |
0 |
|
|a slo
|
| 044 |
|
|
|a xo
|c SK
|
| 080 |
|
|
|a 517.3/.9(075.8)(076.5)
|2 1981
|
| 100 |
1 |
|
|a Halabrín, Marián,
|d 1947-2009
|4 aut
|9 6889
|
| 245 |
1 |
0 |
|a Matematika pre poslucháčov MECH a MELIO
|n II. časť
|c F. Kmeť, M. Halabrín
|
| 250 |
|
|
|a 1. vyd.
|
| 260 |
|
|
|a Bratislava
|b Príroda
|a Nitra
|b Vysoká škola poľnohospodárska, Prevádzkovo-ekonomická fakulta
|c 1977
|
| 300 |
|
|
|a 378 s.
|b grafy, sch., tab.
|c 29 cm
|
| 366 |
|
|
|e 300 výt.
|
| 504 |
|
|
|a Bibiogr.
|
| 650 |
0 |
7 |
|a matematika
|2 SNKPH
|9 70174
|
| 650 |
0 |
7 |
|a integrály
|2 SNKPH
|9 73563
|
| 650 |
0 |
7 |
|a diferenciálne rovnice
|2 SNKPH
|9 63334
|
| 655 |
|
7 |
|a učebnice vysokých škôl
|2 SNKPH
|9 70191
|
| 700 |
1 |
|
|a Kmeť, František,
|d 1937-
|4 aut
|9 38805
|
| 958 |
|
|
|a OND
|
| 958 |
|
|
|a NB
|
| 958 |
|
|
|a UV
|
| 999 |
|
|
|c 879739
|d 881669
|
| 952 |
|
|
|a SNK
|b SNK
|y PREZ
|7 0
|p 17A0926095
|o snkSB 25679/2
|i snkKSP 499/77
|0 0
|1 0
|4 0
|d 2014-01-27
|f 1
|l 0
|r 2025-03-28 00:00:00
|w 2026-02-24
|